书目信息 |
| 书名: | Collaborative Drug Therapy Management Handbook | |
| 作者: | Sarah A. Tracy | |
| 分册号: | ||
| 分册名: | 出版地: | AMERICA |
|
| 出版社: | ASHP | |
| 出版时间: | 2007 | |
| 页数: | 277P | |
| 开本: | 26CM | |
| 丛书名: | ||
| 中图分类号: | ||
| 科图分类号: | ||
| 其他分类号: | R453 | |
| 主题词: | ||
| 电子资源: | ||
| 000 | 00398nam0 2200145 450 | |
| 001 | 202012001908 | |
| 005 | 20121115162628.0 | |
| 008 | 12111501s | |
| 020 | @a9781585281602@c$20.00 | |
| 099 | @dR453@eM6219 | |
| 245 | 10 | @aCollaborative Drug Therapy Management Handbook@cSarah A. Tracy |
| 260 | 0 | @aAMERICA@bASHP@c2007 |
| 300 | @a277P@c26CM | |
| 905 | @b11647 | |
| 905 | @aTSG@dR453@eM6219 | |
| Collaborative Drug Therapy Management Handbook / Sarah A. Tracy.-AMERICA : ASHP , 2007 |
| 277P ; 26CM |
| ISBN 9781585281602$20.00 |
| ● |
| 相关链接 |
|
|
|
正题名:Collaborative Drug Therapy Management Ha
索取号:R453/M6219
 
预约/预借
| 序号 | 登录号 | 条形码 | 馆藏地/架位号 | 状态 | 备注 |